000 00515 a2200169 4500
005 20250319135929.0
020 _a978-0-07-330363-5
082 _a512.13 BAR
100 _aBARNETT, R. A.
245 _aCollege Algebra with Trigonometry
250 _a8th Ed.
260 _aBoston
_bHigher Education
_c2008
300 _axxiv, 1168p., graphs, pictures, tables
_bIndex
_c28cm.
700 _aZIEGLER, M.R. & BYLEEN, K.E.
856 _yAccess Online Book
_fCollege Algebra with Trigonometry
_dwww.mhh.com
942 _2ddc
_cBKS
999 _c995
_d995